000 00742cab a2200253 4500
001 ABS56898
008 090401t1997 xxu||||| |||| 00| 0 eng d
035 _a(Sirsi) u78089
041 _aeng
100 _aKnutt, E.
245 _aThirtysomethings hit thirtysomething
260 _c1997
350 _a0
490 _aBuilding
_v262(7987) 25 April 1997, 44-50(7)
520 _aSurvey of consultants salary levels. Covers quantity surveyors, building surveyors and architects.
650 _aARCHITECTS
650 _aBUILDING SURVEYORS
650 _aQUANTITY SURVEYORS
650 _aSALARY SURVEYS
650 _aWORKLOADS
690 _aMANAGEMENT-BUSINESS MANAGEMENT-PROFESSIONAL PRACTICE
942 _n0
948 _c30/04/1997
999 _c49135
_d49135